| 000 | 00421nam a2200145Ia 4500 | ||
|---|---|---|---|
| 008 | 211109s9999||||xx |||||||||||||| ||und|| | ||
| 082 |
_a894.8123 _bMUK-D |
||
| 100 | _aMukundan, M | ||
| 245 | 0 | _aDelhi | |
| 260 |
_bMedia World Communications _aChry No 206 _c1969 |
||
| 300 | _a202p. | ||
| 630 | _xGENERAL STACK | ||
| 650 |
_aMalayalam Literature _vMalayalam Fiction _xMalayalam NovelsShort StoriesMalayalam |
||
| 942 | _cBOOK | ||
| 999 |
_c47155 _d47155 |
||